STN ISO 8423 Preberacie plány postupným výberom pri kontrole meraním percenta nezhodných jednotiek
Enregistré dans:
| Auteur principal: | |
|---|---|
| Autres auteurs: | |
| Format: | Livre |
| Langue: | slovaque |
| Publié: |
Bratislava
Slovenský ústav technickej normalizácie
2010
|
| Édition: | 2. vyd. |
| Sujets: | |
| Tags: |
Pas de tags, Soyez le premier à ajouter un tag!
|
MARC
| LEADER | 00000nam a2200000 4500 | ||
|---|---|---|---|
| 001 | 0117933 | ||
| 005 | 20240502072323.3 | ||
| 041 | 0 | |a slo | |
| 044 | |a SK | ||
| 245 | 1 | 0 | |a STN ISO 8423 Preberacie plány postupným výberom pri kontrole meraním percenta nezhodných jednotiek |c Ivan Janiga, Adriana Horníková |
| 250 | |a 2. vyd. | ||
| 264 | 1 | |a Bratislava |b Slovenský ústav technickej normalizácie |c 2010 | |
| 300 | |a 36 s. [2,77 AH] | ||
| 500 | |a Táto norma nahrádza STN ISO 8423 z augusta 1995 v celom rozsahu | ||
| 610 | 2 | 0 | |a normy |
| 610 | 2 | 0 | |a normy ISO |
| 610 | 2 | 0 | |a kontrola |
| 100 | 1 | |a Janiga, Ivan | |
| 700 | 1 | |a Horníková, Adriana | |